| 000 | 00445cam a22001934a 4500 | ||
|---|---|---|---|
| 005 | 20250605164254.0 | ||
| 008 | 250528s ||||||||||||||||||||||||d | ||
| 035 | _a21869 | ||
| 020 | _a9789605123284 | ||
| 040 |
_aGR-AtMCL _bgre _dGR-AtMCL _eAACR2 |
||
| 245 | 1 | _aΠΟΛΥΜΕΣΑ | |
| 250 | _a5 | ||
| 260 |
_bΓκιουρδας, _c2002 |
||
| 300 | _a529 | ||
| 700 | 1 |
_aVaghan Tay _97767 |
|
| 942 | _cBK | ||
| 999 |
_c6927 _d6927 |
||